000 00585cam a2200229 4500
001 ABS61770
008 000000n2000 000 0 eng u
035 _a(Sirsi) u103716
245 _aRegional survey: Somerset, Devon and Cornwall
260 _c2000
490 _aProperty Week
_v66(1) 7 January 2000, 31-42(7)
590 _aABS
650 _aSOMERSET
650 _aDEVON
650 _aCORNWALL
650 _aPLYMOUTH
650 _aEXETER
650 _aTRURO
650 _aSOUTH WEST
690 _aPROPERTY-COMMERCIAL PROPERTY-COMMERCIAL PROPERTY MARKET
942 _n0
999 _c62284
_d62284